Loading...
| Any History | 8 | 15.00 | 100% | 38% | 13% |
| Current Events | 5 | 14.00 | 100% | 40% | 0% |
| Fine Arts - Classical Music | 8 | 21.25 | 100% | 100% | 13% |
| Fine Arts - Other | 10 | 13.00 | 90% | 40% | 0% |
| Geography | 7 | 14.29 | 71% | 71% | 0% |
| History - American | 8 | 10.00 | 88% | 0% | 13% |
| History - European | 8 | 15.00 | 88% | 38% | 25% |
| History - World | 7 | 14.29 | 86% | 29% | 29% |
| Literature - American | 8 | 18.75 | 100% | 63% | 25% |
| Literature - British | 12 | 20.83 | 100% | 92% | 17% |
| Literature - European | 7 | 24.29 | 100% | 100% | 43% |
| Literature - World | 11 | 21.82 | 100% | 82% | 36% |
| Mythology | 5 | 18.00 | 100% | 60% | 20% |
| Other Academic | 5 | 22.00 | 100% | 100% | 20% |
| Painting & Sculpture | 11 | 13.64 | 91% | 27% | 18% |
| Philosophy | 9 | 16.67 | 100% | 56% | 11% |
| Religion | 6 | 11.67 | 100% | 17% | 0% |
| Science - Biology | 10 | 16.00 | 100% | 60% | 0% |
| Science - Chemistry | 10 | 20.00 | 100% | 70% | 30% |
| Science - Other | 5 | 16.00 | 100% | 60% | 0% |
| Science - Physics | 9 | 20.00 | 100% | 67% | 33% |
| Social Science | 7 | 15.71 | 86% | 57% | 14% |